| 000 | 00600nam a2200181 4500 | ||
|---|---|---|---|
| 001 | 135859 | ||
| 003 | ES-MaACL | ||
| 005 | 20251221204114.0 | ||
| 007 | t| | ||
| 008 | 070214s1911 gw r ||||1| ger d | ||
| 100 | 1 |
_aRousseau, Jean-Jacques. _9100055 |
|
| 245 | 1 | 0 |
_aEmil _b: oder uber die erziehung / _cJean-Jacques Rousseau ; übersetzt mit biographie un komentar von E. von Sallwürk. |
| 260 |
_aLangensalza (Alemania) : _bHermann Beyer, _c1911. |
||
| 300 |
_a1 v. ; _c22 cm. |
||
| 700 | 1 |
_aSallwürk, Ernst von, _d1839-1926 _9132340 |
|
| 852 |
_aES-MaACL _jG-15165 |
||
| 999 |
_c135859 _d135859 |
||